000 01561cam a22003134a 4500
001 3652
003 FISKH
005 20240402150842.0
008 050420s2005 fr b b 000 0 fre
010 _a 2005542786
020 _a2747581020
035 _a(OCoLC)ocm60119801
040 _aDLC
_cDLC
042 _apcc
043 _aa-cb---
050 0 0 _aHC442
_b.T72 2005
082 _a361.7
100 1 _aTrannin, Sabine.
245 1 4 _aLes ONG occidentales au Cambodge :
_bla réalité derrière le mythe /
_cSabine Trannin ; préface de François Ponchaud.
260 _aParis, France :
_bL'Harmattan,
_cc2005.
300 _a260 pages :
_b1 map ;
_c22 cm.
440 0 _aPoints sur l'Asie
504 _aIncludes bibliographical references (p. 242-243).
520 _aCambodia is one of the countries in the world where there are the most numerous international NGOs (Non-Governmental Organizations). Working in Cambodia, after 1990 (after the Khmer Rouge regime, then the Vietnamese occupation), seems to have become a quality label for NGOs. But what lies beneath humanitarianism? This questioning is not specific to Cambodia, and rekindles the “charity business” debate. A reflection on the major issues of humanitarian aid based on a concrete case and on the other hand, elements of understanding of this fascinating country: Cambodia.
650 0 _aNon-governmental organizations
_zCambodia.
906 _a7
_bcbc
_corigres
_d3
_encip
_f20
_gy-gencatlg
942 _2ddc
_cBK
_n0
999 _c3652
_d3652